000 00424nam a2200157Ia 4500
008 240729s9999 xx 000 0 und d
022 _a2008-322X
245 0 _aJournal of Ophthalmic & Vision Research
260 _aUnited Arab Emirates
260 _bKnowledge E
650 _a Ophthalmology
650 _aMedicine
856 _uhttps://doaj.org/toc/1a83fce84db54192a6809070c822cf22
942 _2ddc
942 _cDOAJEJ
999 _c73093
_d73093
945 _a1
_bMadushi Gamage
_c1
_dMadushi Gamage